Statistics for Half the number Quiz 2

Click here to take the quiz!

General Stats

  • This quiz has been taken 15 times
  • The average score is 11 of 15

Answer Stats

HintAnswer% Correct
3819
92%
668334
85%
7236
85%
876438
85%
1038519
85%
189
85%
434217
77%
548274
77%
28961448
69%
25861293
62%
928464
62%
774387
54%
37821891
46%
58482924
46%
1328664
46%

Score Distribution

Percentile by Number Answered

Percent of People with Each Score

Your Score History

You have not taken this quiz